Statystyki dla Skoki narciarskie quiz #2 Zwycięzcy Pucharu Świata

Kliknij tutaj aby rozwiązać quiz!

Ogólne statystyki

  • Ten quiz został rozwiązany 120 razy
  • Średni wynik to 29 z 44

Statystyki odpowiedzi

SezonZwycięzca% Poprawnych
2021/2022Ryōyū Kobayashi
96%
2018/2019Ryōyū Kobayashi
96%
2019/2020Stefan Kraft
96%
2016/2017Stefan Kraft
96%
2017/2018Kamil Stoch
95%
2013/2014Kamil Stoch
95%
2001/2002Adam Małysz
94%
2000/2001Adam Małysz
94%
2006/2007Adam Małysz
94%
2002/2003Adam Małysz
94%
2020/2021Halvor Egner Granerud
94%
2022/2023Halvor Egner Granerud
94%
2015/2016Peter Prevc
93%
2014/2015Severin Freund
83%
2004/2005Janne Ahonen
82%
2003/2004Janne Ahonen
82%
2009/2010Simon Ammann
82%
2012/2013Gregor Schlierenzauer
79%
2008/2009Gregor Schlierenzauer
79%
2007/2008Thomas Morgenstern
77%
2010/2011Thomas Morgenstern
77%
1985/1986Matti Nykänen
73%
1984/1985Matti Nykänen
73%
1982/1983Matti Nykänen
73%
1987/1988Matti Nykänen
73%
1999/2000Martin Schmitt
71%
1998/1999Martin Schmitt
71%
2005/2006Jakub Janda
64%
2011/2012Anders Bardal
63%
1992/1993Andreas Goldberger
48%
1995/1996Andreas Goldberger
48%
1994/1995Andreas Goldberger
48%
1997/1998Primož Peterka
46%
1996/1997Primož Peterka
46%
1983/1984Jens Weißflog
36%
1991/1992Toni Nieminen
28%
1990/1991Andreas Felder
27%
1993/1994Espen Bredesen
26%
1980/1981Armin Kogler
25%
1981/1982Armin Kogler
25%
1979/1980Hubert Neuper
24%
1989/1990Ari-Pekka Nikkola
18%
1986/1987Vegard Opaas
14%
1988/1989Jan Boklöv
10%

Rozkład punktacji

Percentyl według liczby udzielonych odpowiedzi

Procent ludzi z każdym wynikiem

Twoja historia wyników

Nie rozwiązałeś tego quizu